• AIU
  • Tony Wilmot Memorial Library

Zɔɔz o joowo (Record no. 64594)

MARC details
000 -LEADER
fixed length control field 00273nam a2200109 4500
082 0# - DEWEY DECIMAL CLASSIFICATION NUMBER
Classification number 225.5
242 00 - TRANSLATION OF TITLE BY CATALOGING AGENCY
Title Genesis and the New Testament in the Murle language of Sudan
245 11 - TITLE STATEMENT
Title Zɔɔz o joowo
260 ## - PUBLICATION, DISTRIBUTION, ETC. (IMPRINT)
Name of publisher, distributor, etc The Bible League
Date of publication, distribution, etc c.1996
300 ## - PHYSICAL DESCRIPTION
Extent 730 p.
942 ## - ADDED ENTRY ELEMENTS (KOHA)
Source of classification or shelving scheme
Koha item type Books

No items available.